| 000 | 00698nam a22001697a 4500 | ||
|---|---|---|---|
| 999 |
_c61455 _d61455 |
||
| 005 | 20240315112840.0 | ||
| 008 | 240315s1990 ru ||||| |||| 00| 0 rus d | ||
| 041 | _arus | ||
| 080 | _a7(38) Д-72 | ||
| 245 |
_aДревнее искусство греческих островов Эгейского моря / _bГреческая Республика : каталог выставки. |
||
| 264 |
_aМосква : _bВнешторгиздат, _c1990. |
||
| 300 |
_a111 с. : _b ил. ; _c30 см. |
||
| 653 | _aარქეოლოგიური ძეგლები | ||
| 653 | _aსაბერძნეთი | ||
| 653 | _aგამოფენები | ||
| 942 |
_2udc _cᲬᲘᲒᲜᲘ |
||